2021 NASCAR Cup Series Schedule - Statistics

General Stats
  • This quiz has been taken 82 times
  • The average score is 34 of 37
Answer Stats
Hint Answer % Correct
Race 1 (Crown Jewel Event) Daytona International Raceway
98%
Race 26 Daytona International Speedway
98%
Race 2 Daytona Road Course
98%
Race 4 Las Vegas Motor Speedway
97%
Race 30 Las Vegas Motor Speedway
97%
Race 8 Martinsville Speedway
97%
Race 35 Martinsville Speedway
97%
All-Star Race Texas Motor Speedway
97%
Race 33 Texas Motor Speedway
97%
Race 29 Bristol Motor Speedway
95%
Race 7 Bristol Motor Speedway (Dirt)
95%
Race 15 (Crown Jewel Event) Charlotte Motor Speedway
95%
Race 32 Charlotte Motor Speedway Road Course
95%
Race 5 Phoenix Raceway
95%
Race 36 Phoenix Raceway
95%
Race 10 Talladega Superspeedway
95%
Race 31 Talledega Super Speedway
95%
Race 23 Watkins Glen International
95%
Race 6 Atlanta Motor Speedway
93%
Race 21 Atlanta Motor Speedway
93%
Race 12 Darlington Raceway
93%
Race 27 (Crown Jewel Event) Darlington Raceway
93%
Race 24 Indianapolis Motor Speedway Road Course
93%
Race 3 Homestead-Miami Speedway
92%
Race 11 Kansas Speedway
92%
Race 34 Kansas Speedway
92%
Race 14 Circuit of the Americas
90%
Race 16 Sonoma Raceway
90%
Race 9 Richmond Raceway
86%
Race 28 Richmond Raceway
86%
Race 25 Michigan International Speedway
85%
Race 13 Dover International Raceway
83%
Race 17 Nashville Superspeedway
83%
Race 20 Road America
81%
Race 18 Pocono Raceway
78%
Race 19 Pocono Raceway
78%
Race 22 New Hampshire Motor Speedway
76%
No matching quizzes found
Score Distribution
Percent of People with Each Score
Percentile by Number Answered
Your Score History
You have not taken this quiz